000
00295nam a2200109Ia 4500
008
220204s9999 xx 000 0 und d
082
_a
062.744
_b
PAR
100
_a
Parkinson, A C
245
0
_a
Foundations of technical drawing, metric and third angle
260
_a
London
_b
ELBS
_c
1968
942
_c
BK
999
_c
23660
_d
23660